[Event "CERRADO GM"]
[Site "Mondariz-Balneario ESP"]
[Date "2007.12.29"]
[Round "4"]
[White "Galego,L"]
[Black "Paunovic,D"]
[Result "1/2-1/2"]
[WhiteElo "2530"]
[BlackElo "2535"]

1.e4 d6 2.d4 Nf6 3.Nc3 e5 4.dxe5 dxe5 5.Qxd8+ Kxd8 6.Bc4 Ke8 7.f3 c6 8.Nge2 Nbd7
9.a4 a5 10.Be3 Bc5 11.Nd1 Ke7 12.Kf2 Rd8 13.g4 Ne8 14.Ng3 Nd6 15.Nf5+ Kf8  1/2-1/2

[Event "Premier"]
[Site "Hastings ENG"]
[Date "2007.12.30"]
[Round "3"]
[White "Williams,Si1"]
[Black "Tahirov,F"]
[Result "1/2-1/2"]
[WhiteElo "2475"]
[BlackElo "2540"]

1.e4 d6 2.d4 Nf6 3.Nc3 e5 4.Nf3 Nbd7 5.g4 Nxg4 6.Rg1 Ngf6 7.Bc4 h6 8.Be3 Nb6
9.Bb5+ c6 10.dxe5 Ng4 11.exd6 Nxe3 12.fxe3 Qxd6 13.Qxd6 Bxd6 14.Bd3 g5 15.e5 Bb4
16.Ke2 Bxc3 17.bxc3 Be6 18.a4 Nd7 19.a5 g4 20.Nd4 Nxe5 21.Be4 Ke7 22.Kf2 Bd5
23.Bxd5 cxd5 24.Rgb1 Rab8 25.Rb5 Rhd8 26.Rab1 Rd7 27.e4 Rc8 28.exd5 Rxc3
29.Rxb7 Rc5 30.Nf5+ Kf6 31.Rxd7 Nxd7 32.Ne3 Rxa5 33.Nxg4+ Ke7 34.c4 h5 35.Nh6 Ne5
36.Nf5+ Kf6 37.Nd6 Ra6 38.Ne4+ Kf5 39.Ng3+ Kg6 40.Ke3 Nxc4+ 41.Kd4 Nb6 42.Rd1 Ra4+
43.Kc5 h4 44.Ne2 Kf6 45.d6 Ke6 46.Rd4 Rxd4 47.Nxd4+ Kd7 48.Nf3 h3 49.Ng5 f6
50.Nxh3 Nc8 51.Nf4 Nxd6 52.h4  1/2-1/2

[Event "16th Donau Open"]
[Site "Aschach Donau AUT"]
[Date "2007.12.31"]
[Round "7"]
[White "Havlik,Ja"]
[Black "Hofbauer,P"]
[Result "1-0"]
[WhiteElo "2281"]
[BlackElo "2091"]

1.e4 d6 2.d4 Nf6 3.Nc3 c6 4.Nf3 Bg4 5.Be2 Nbd7 6.O-O e5 7.Be3 Be7 8.Nh4 Bxe2
9.Qxe2 O-O 10.Nf5 Re8 11.Rad1 Bf8 12.f4 Qa5 13.Kh1 exd4 14.Bxd4 Rad8 15.Qf3 c5
16.Bf2 Qa6 17.Bh4 g6 18.Ne3 Be7 19.Bxf6 Bxf6 20.e5 dxe5 21.fxe5 Rxe5 22.Ng4 Re6
23.Rxd7 Rxd7 24.Nxf6+ Rxf6 25.Qxf6 Qxf6 26.Rxf6 Rd2 27.Rf1 Rxc2 28.Rb1 f5
29.Kg1 Kf7 30.Kf1 Kf6 31.Nd5+ Ke6 32.Ne3 Rd2 33.Ke1 Rd4 34.Ke2 h5 35.g3 g5
36.Rf1 Re4 37.Kd3 Rd4+ 38.Ke2 Re4 39.Kf3 h4 40.Rd1 Rb4 41.b3 hxg3 42.hxg3 g4+
43.Kf2 f4 44.Nc4 fxg3+ 45.Kxg3 b5 46.Ne3 a5 47.Nd5 Re4 48.Nc7+ Ke7 49.Nxb5 a4
50.Rd3 c4 51.Nd6 Re2 52.bxc4 Rxa2 53.Kxg4 Kd7 54.Kf3 Kc6 55.Ne4 Rc2 56.Nd2 a3
57.Ke2 a2 58.Ra3 Rb2 59.Kd3 Rb1 60.Rxa2 Rh1 61.Ra6+ Kc5 62.Ne4+ Kb4 63.Rb6+ Ka5
64.Rb2 Rh5 65.c5 Rxc5 66.Ra2+  1-0

[Event "II Illes Medes Open"]
[Site "L'Estartit ESP"]
[Date "2008.01.02"]
[Round "7"]
[White "Lillo Castan,V"]
[Black "Muter,D"]
[Result "1/2-1/2"]
[WhiteElo "2069"]
[BlackElo "2212"]

1.e4 d6 2.d4 Nf6 3.Nc3 c6 4.f4 Qa5 5.Bd3 e5 6.Nf3 Bg4 7.Be3 Nbd7 8.O-O Be7
9.h3 Bxf3 10.Qxf3 O-O 11.Ne2 c5 12.dxe5 dxe5 13.Nc3 exf4 14.Qxf4 Ne8 15.e5 c4
16.Bxh7+ Kxh7 17.Qf5+ Kg8 18.Qxd7 Qxe5 19.Rae1 Nf6 20.Qxb7 Bd6 21.Bf4 Qd4+
22.Be3 Qe5 23.Bf4 Qd4+ 24.Be3 Qe5  1/2-1/2

[Event "CERRADO IM"]
[Site "Mondariz-Balneario ESP"]
[Date "2008.01.02"]
[Round "6"]
[White "Astaneh Lopez,A"]
[Black "Garcia Castro,P"]
[Result "1/2-1/2"]
[WhiteElo "2342"]
[BlackElo "2386"]

1.e4 d6 2.d4 Nf6 3.Nc3 e5 4.Nf3 Nbd7 5.Bc4 Be7 6.dxe5 dxe5 7.Bxf7+ Kxf7 8.Ng5+ Kg8
9.Ne6 Qe8 10.Nxc7 Qg6 11.Nxa8 Qxg2 12.Rf1 Nc5 13.Nc7 Bh3 14.Qe2 Qxf1+ 15.Qxf1 Bxf1
16.Kxf1 Ncxe4 17.Nxe4 Nxe4 18.Be3 Kf7 19.Bxa7 Rc8 20.Re1 Rxc7 21.Rxe4 Rxc2
22.Re2  1/2-1/2

[Event "CERRADO GM"]
[Site "Mondariz-Balneario ESP"]
[Date "2008.01.02"]
[Round "6"]
[White "Zhao Zong Yuan"]
[Black "Franco Ocampos,Z"]
[Result "1/2-1/2"]
[WhiteElo "2491"]
[BlackElo "2516"]

1.e4 d6 2.d4 Nf6 3.Nc3 e5 4.Nf3 Nbd7 5.Bc4 Be7 6.O-O O-O 7.Re1 c6 8.a4 b6
9.d5 cxd5 10.Nxd5 Nxd5 11.Bxd5 Rb8 12.b3 Nf6 13.Ba3 Qc7 14.c4 Nxd5 15.Qxd5 Be6
16.Qd3 f5 17.Nd2 Rbd8 18.exf5 Rxf5 19.Rac1 Bg5 20.Rc2 Qf7 21.Ne4 d5 22.cxd5 Bxd5
23.Nd6 Be6 24.Qe2 Qd7 25.Nxf5 Bxf5 26.Rb2 Bd3 27.Qxe5 Bf6 28.Qg3 Bxb2 29.Bxb2 Bg6
30.h4 Re8 31.Rc1 Qd2 32.Ba3 Qd3 33.Qxd3 Bxd3 34.Rc7 Re1+ 35.Kh2 Rb1 36.Bd6 Rxb3
37.Rxa7 h5 38.Kg3 Bg6+ 39.Kf4 Bf7 40.f3 Rc3 41.Be5 Rc4+ 42.Kg5 Rc5 43.Kf4  1/2-1/2

[Event "Premier"]
[Site "Hastings ENG"]
[Date "2008.01.03"]
[Round "7"]
[White "Rendle,T"]
[Black "Tahirov,F"]
[Result "1/2-1/2"]
[WhiteElo "2397"]
[BlackElo "2540"]

1.e4 d6 2.d4 Nf6 3.Nc3 c6 4.Nf3 Bg4 5.h3 Bxf3 6.Qxf3 Qa5 7.a3 e6 8.Bd3 Nbd7
9.O-O Be7 10.Be3 e5 11.Qe2 h6 12.f4 Qc7 13.a4 a5 14.Bc4 O-O 15.Bb3 Rad8 16.Rad1 Rfe8
17.Qc4 Rf8 18.Qe2 Qb8 19.Qf2 b5 20.axb5 cxb5 21.Qg3 Kh8 22.Qf3 Rc8 23.g4 exf4
24.Bxf4 a4 25.Ba2 b4 26.Nxa4 Rxc2 27.Bb1 Rcc8 28.b3 Qb5 29.Rf2 Nh7 30.Qg3 Ng5
31.Bd3 Qb7 32.Re1 Ne6 33.Bxd6 Bxd6 34.Qxd6 Qa7 35.Qxb4 Nxd4 36.Kg2 Rb8 37.Qe7 Rxb3
38.Bc4 Rbb8 39.Rd1 Rbe8 40.Qd6 Qxa4 41.Rxd4 Rd8 42.Be6 Nc5 43.Qxf8+ Rxf8
44.Rxa4 Nxe6 45.e5 g5 46.Rf5 Kg7 47.Ra7 Nf4+ 48.Kh2 Ne6 49.Rf6 Nf4 50.h4 Ng6
51.hxg5 Nxe5 52.Kg3 Rb8 53.Rf5 Rb3+ 54.Kf4 Ng6+ 55.Ke4 Rb4+ 56.Ke3 Nh8 57.gxh6+ Kxh6
58.Kf3 Kg7 59.Kg3 Rc4 60.g5 Rb4 61.Rc5 Ng6 62.Rcc7 Rb3+ 63.Kf2 Nh8  1/2-1/2

[Event "CERRADO GM"]
[Site "Mondariz-Balneario ESP"]
[Date "2008.01.03"]
[Round "7"]
[White "Galego,L"]
[Black "Vega Gutierrez,S"]
[Result "1-0"]
[WhiteElo "2530"]
[BlackElo "2331"]

1.e4 d6 2.d4 Nf6 3.Nc3 e5 4.Nf3 Nbd7 5.Bc4 Be7 6.O-O O-O 7.a4 c6 8.a5 Nxe4
9.Nxe4 d5 10.Nxe5 Nxe5 11.dxe5 dxe4 12.Be3 Qc7 13.Qd4 Bf5 14.h3 c5 15.Qc3 Qc6
16.Rfd1 Be6 17.Qb3 Bxc4 18.Qxc4 b5 19.Qd5 Rfc8 20.Qxc6 Rxc6 21.Rd7 Kf8 22.a6 Ke8
23.Rb7 b4 24.Ra5 h5 25.g3 Kd8 26.Kf1 Ke8 27.h4 Kd8 28.Ke2 Ke8 29.b3 Kf8 30.Bg5 f6
31.exf6 gxf6 32.Bf4 Kf7 33.Ke3 Ke6 34.Kxe4 Bd8 35.Ra1 Bb6 36.Be3 Rd8 37.Rh7 Rd5
38.Re7+ Kd6 39.Re8 f5+ 40.Kf3 c4 41.bxc4  1-0

[Event "37th Rilton Cup"]
[Site "Stockholm SWE"]
[Date "2008.01.03"]
[Round "7"]
[White "Szabo,Krisz1"]
[Black "Kotronias,V"]
[Result "0-1"]
[WhiteElo "2492"]
[BlackElo "2614"]

1.e4 d6 2.d4 Nf6 3.Nc3 e5 4.Nf3 Nbd7 5.Bc4 Be7 6.O-O O-O 7.Re1 c6 8.a4 b6
9.d5 cxd5 10.Bxd5 Nxd5 11.Nxd5 Bb7 12.b3 Rc8 13.c4 Nc5 14.Ba3 Kh8 15.Bb4 Bxd5
16.cxd5 Bg5 17.Bd2 Bxd2 18.Nxd2 f5 19.f3 Nxe4 20.Nxe4 fxe4 21.fxe4 Rf6 22.Rf1 h5
23.g4 Qe8 24.Rxf6 gxf6 25.gxh5 Qg6+ 26.Qg4 Qg5 27.Ra2 Qh4 28.Qf3 Rc1+ 29.Kg2 Kg7
30.Rb2 Rh1 31.Re2 Rc1 32.Qg3+ Qg5 33.Qxg5+ fxg5 34.Kg3 Kh6 35.Kg4 Rf1 36.h3 Rf4+
37.Kg3 Kxh5 38.Re1 a5 39.Kg2 Kh4 40.Re3 g4 41.hxg4 Rxg4+ 42.Kf2 Kg5 43.Kf3 Rf4+
44.Kg3 Rf1 45.Rc3 Rd1 46.Re3 Rd4 47.Kf3 Rd2 48.Kg3 Rc2 49.Rd3 Rc1 50.Re3 Rg1+
51.Kf3 Kh4 52.Kf2 Rb1 53.Kf3 Rc1 54.Rd3 Rc2 55.Re3 Rh2 56.Re1 Rh3+ 57.Ke2 Rxb3
58.Rg1 Rb4 59.Ke3 Rxa4 60.Rg6 Ra3+ 61.Ke2 Rb3 62.Rg1 Rb4 63.Ke3 Ra4 64.Rg6 Ra3+
65.Ke2 Rb3 66.Rxd6 Kg5 67.Rc6 a4 68.Re6 Kf4 69.d6 Rb4 70.Rf6+ Kxe4 71.Rh6 Kf5
72.d7 Rd4 73.Rxb6 Rxd7 74.Ra6 Rd4 75.Ke3 Rh4 76.Kd2 Rd4+ 77.Ke3 Rb4 78.Kd3 e4+
79.Kc3 Rb3+ 80.Kc2 Rd3 81.Rxa4 Kf4 82.Ra8 Kf3 83.Rh8 Rd7 84.Rh3+ Kg4 85.Rh1 e3
86.Rh8 Kf3 87.Rh3+ Kf2 88.Rh2+ Kg3 89.Rh8 e2 90.Re8 Kf2 91.Rf8+ Ke1 92.Rf6 Rd5
93.Kb2 Re5 94.Kb3 Re4 95.Kc2 Rc4+ 96.Kb3 Rc5 97.Kb4 Rc1 98.Kb3 Kd2 99.Rd6+ Ke3
100.Re6+ Kf3 101.Rf6+ Kg4  0-1

[Event "Premier"]
[Site "Hastings ENG"]
[Date "2008.01.04"]
[Round "8"]
[White "Abu Sufian,S"]
[Black "Conquest,S"]
[Result "1/2-1/2"]
[WhiteElo "2361"]
[BlackElo "2540"]

1.e4 d6 2.d4 Nf6 3.Nc3 c6 4.Be3 Qa5 5.Qd2 e5 6.Nf3 Be7 7.h3 Nbd7 8.a3 O-O
9.Bc4 b5 10.Ba2 Qc7 11.O-O Nb6 12.Rad1 Bd7 13.g4 Rad8 14.Qe2 Qb8 15.Kg2 Qc7
16.Rd2 Bc8 17.Rfd1 Bb7 18.g5 Nfd7 19.dxe5 dxe5 20.h4 a5 21.h5 b4 22.axb4 axb4
23.Bxb6 Nxb6 24.Rxd8 Bxd8 25.Nb1 Kh8 26.Rh1 Bc8 27.g6 f6  1/2-1/2

[Event "II Illes Medes Open"]
[Site "L'Estartit ESP"]
[Date "2008.01.04"]
[Round "9"]
[White "Bruned,Y"]
[Black "Muter,D"]
[Result "1-0"]
[WhiteElo "2355"]
[BlackElo "2212"]

1.e4 d6 2.d4 Nf6 3.Nc3 c6 4.a4 e5 5.Nf3 Nbd7 6.Bc4 exd4 7.Qxd4 Qb6 8.O-O Ne5
9.Qxb6 axb6 10.Nxe5 dxe5 11.Be3 Nd7 12.Rfb1 Bb4 13.Nd1 Ke7 14.c3 Bd6 15.b4 Bc7
16.Nb2 Nf6 17.f3 Ne8 18.Bf1 Nd6 19.c4 f6 20.c5 bxc5 21.bxc5 Nf7 22.Nc4 Ng5
23.a5 Ra7 24.Nb6 Rd8 25.h4 Ne6 26.Kf2 Bd7 27.Rd1 Be8 28.Rxd8 Kxd8 29.Rd1+  1-0

[Event "CERRADO GM"]
[Site "Mondariz-Balneario ESP"]
[Date "2008.01.04"]
[Round "8"]
[White "Larino Nieto,D"]
[Black "Paunovic,D"]
[Result "1/2-1/2"]
[WhiteElo "2428"]
[BlackElo "2535"]

1.e4 d6 2.d4 Nf6 3.Nc3 e5 4.Nf3 Nbd7 5.Bc4 Be7 6.O-O O-O 7.Re1 c6 8.a4 a5
9.h3 h6 10.Re2 Re8 11.Be3 Qc7 12.Bb3 Nf8 13.d5 Ng6 14.Qd3 Nh5 15.Qc4 c5 16.Rd2 b6
17.Qf1 Qd8 18.g3 Nhf4 19.gxf4 exf4 20.e5 fxe3 21.fxe3 Bg5 22.e6 Bxe3+ 23.Kh1 Bxd2
24.exf7+ Kxf7 25.Ne5+ Kg8 26.Qf7+ Kh8 27.Nxg6+ Kh7 28.Ne4 Bg5 29.c3 Rxe4
30.Nf8+ Kh8 31.Ng6+ Kh7 32.Nf8+  1/2-1/2

[Event "XXXIII Open"]
[Site "Sevilla ESP"]
[Date "2008.01.05"]
[Round "1"]
[White "Movsziszian,K"]
[Black "Alshameary Puente,I"]
[Result "1-0"]
[WhiteElo "2527"]
[BlackElo "1907"]

1.e4 d6 2.d4 Nf6 3.Nc3 c6 4.f4 Qa5 5.Bd2 e5 6.Nf3 Bg4 7.dxe5 dxe5 8.Bc4 Nbd7
9.h3 Bxf3 10.Qxf3 Qc7 11.g3 b5 12.Bb3 Rd8 13.O-O-O Bd6 14.Be3 a5 15.a4 b4
16.Nb1 O-O 17.Nd2 Bc5 18.Nc4 Qa7 19.Rhe1 exf4 20.gxf4 Bxe3+ 21.Qxe3 Nc5 22.Nd6 Nxb3+
23.cxb3 Qe7 24.e5 Nd5 25.Qg3 Rxd6 26.exd6 Qxd6 27.Re4 Qc5+ 28.Kb1 Qd6 29.Rc1 Qf6
30.Ka2 h6 31.Qf2 Qf5 32.Qf3 Qd7 33.Rec4 Re8 34.Rxc6 Nc3+ 35.R1xc3 bxc3 36.Qxc3 Qf5
37.Rc4 Re2 38.Rc5 Qxf4 39.Rxa5 Re3 40.Qc2 g6 41.Ra8+ Kg7 42.Qc8 Kf6 43.Qd8+ Kf5  1-0

[Event "XXXIII Open"]
[Site "Sevilla ESP"]
[Date "2008.01.07"]
[Round "3"]
[White "Karim,I"]
[Black "Matamoros Franco,C"]
[Result "1/2-1/2"]
[WhiteElo "2347"]
[BlackElo "2529"]

1.e4 d6 2.d4 Nf6 3.Nc3 Nbd7 4.f4 e5 5.Nf3 exd4 6.Qxd4 c6 7.Be3 d5 8.exd5 Bc5
9.Qd3 Qe7 10.Nd4 Nb6 11.dxc6 bxc6 12.O-O-O O-O 13.Bg1 Qb7 14.Nb3 Bxg1 15.Rxg1 Nbd5
16.Nxd5 cxd5 17.Qd4 a5 18.a4 Qc7 19.Qe5 Qb6 20.Qd4 Qc7 21.Qe5 Qb6 22.Qd4  1/2-1/2

[Event "Paul Keres Mem GMB"]
[Site "Tallinn EST"]
[Date "2008.01.07"]
[Round "3"]
[White "Fomina,T"]
[Black "Shumiakina,T"]
[Result "1/2-1/2"]
[WhiteElo "2254"]
[BlackElo "2352"]

1.d4 Nf6 2.Nc3 d6 3.e4 e5 4.Bc4 Nbd7 5.Nf3 Be7 6.O-O O-O 7.Bg5 c6 8.a4 b6
9.Qd2 a6 10.Rfd1 Bb7 11.dxe5 Nxe5 12.Nxe5 dxe5 13.Bxf6 Bxf6 14.Qd7 Qb8 15.Rd6 Kh8
16.Rd3 Ra7 17.Rad1 Ba8 18.Qf5 Qc8 19.Rd7 Rxd7 20.Rxd7 b5 21.Bxf7 b4 22.Nd1 c5
23.Bd5 Bc6 24.Bxc6 Qxc6 25.b3 c4 26.Ne3 cxb3 27.cxb3 Qc1+ 28.Rd1 Qb2 29.Ng4 Qxb3
30.Qd7 h6 31.Nxf6 Rxf6 32.f3 Qe3+ 33.Kf1 Qxe4 34.Qe8+ Kh7 35.Rd8 Qb1+ 36.Ke2 Qa2+
37.Kf1 Qc4+ 38.Kf2 Qc2+ 39.Kf1 Qc1+ 40.Kf2 Qc2+ 41.Kf1 Qc1+ 42.Kf2 Qb2+ 43.Kf1 Qa1+
44.Kf2 Qa2+ 45.Kf1 Qc4+ 46.Kf2 Qh4+ 47.Kf1 Qxh2 48.Qg8+ Kg6 49.Rd7 Qh1+ 50.Kf2  1/2-1/2

[Event "ch-CUB"]
[Site "Santa Clara CUB"]
[Date "2008.01.08"]
[Round "1"]
[White "Abreu Delgado,A"]
[Black "Alvarez,Jose1"]
[Result "1/2-1/2"]
[WhiteElo "2494"]
[BlackElo "2384"]

1.e4 d6 2.d4 Nf6 3.Nc3 e5 4.Nf3 Nbd7 5.Bc4 Be7 6.O-O O-O 7.Re1 exd4 8.Nxd4 Nb6
9.Bf1 c5 10.Nf3 d5 11.exd5 Nbxd5 12.Nxd5 Nxd5 13.a3 Bf6 14.h3 Be6 15.Ne5 Qc7
16.Ng4 Be7 17.Qf3 c4 18.Bd2 Rfd8 19.Rad1 b5 20.c3 Re8 21.Bc1 Rad8 22.Rd4 Nf6
23.Bf4 Qb6 24.Be3 Nxg4 25.Rxd8 Qxd8 26.hxg4 Bd5 27.Qh3 Bc5 28.Re2 Bxe3 29.Rxe3 h6
30.Qg3 Re7 31.Qf4 Rxe3 32.Qxe3 a6 33.Qd4 Qd7 34.a4 Qc6 35.axb5 axb5 36.f3 Be6
37.Kf2 f6 38.Be2 Kf7 39.Bd1 Ke7 40.Bc2 Qd6 41.Qxd6+ Kxd6 42.Bg6 Bd7 43.Ke3 Ke5
44.g3 Kd5  1/2-1/2

[Event "XXXIII Open"]
[Site "Sevilla ESP"]
[Date "2008.01.08"]
[Round "5"]
[White "Teran Alvarez,I"]
[Black "Paunovic,D"]
[Result "0-1"]
[WhiteElo "2404"]
[BlackElo "2522"]

1.e4 d6 2.d4 Nf6 3.Nc3 e5 4.Nge2 c6 5.f3 Nbd7 6.Be3 h5 7.a4 g6 8.Ng1 Bg7
9.dxe5 Nxe5 10.Qd2 Be6 11.O-O-O d5 12.Qd4 Ned7 13.exd5 cxd5 14.Nge2 O-O 15.Qd2 Re8
16.Nd4 Qa5 17.Kb1 a6 18.h3 Rac8 19.g4 Nc5 20.Bh6 Bh8 21.gxh5 Nxh5 22.f4 Ng3
23.Rg1 Nf5 24.Nxe6 Rxe6 25.Qxd5 Bxc3  0-1

[Event "Petrovskaya Ladya GM"]
[Site "Peterhof RUS"]
[Date "2008.01.09"]
[Round "10"]
[White "Vedmediuc,S"]
[Black "Levin,Ev"]
[Result "1-0"]
[WhiteElo "2410"]
[BlackElo "2440"]

1.e4 d6 2.d4 Nf6 3.Nc3 c6 4.f4 Qa5 5.e5 Ne4 6.Bd3 Nxc3 7.Qd2 d5 8.bxc3 c5
9.Nf3 Nc6 10.O-O e6 11.a3 g6 12.Qe1 b6 13.Bd2 Qa4 14.dxc5 Bxc5+ 15.Kh1 Ba6
16.Qe2 Bxd3 17.cxd3 Be7 18.Rfc1 Rd8 19.c4 Bc5 20.Be3 Bxe3 21.Qxe3 Ne7 22.c5 Nf5
23.Qd2 bxc5 24.Rxc5 O-O 25.Ra5 Qb3 26.g4 Ne7 27.Rxa7 Nc6 28.f5 d4 29.f6 Qd5
30.Rf1  1-0

[Event "ch-CUB"]
[Site "Santa Clara CUB"]
[Date "2008.01.09"]
[Round "2"]
[White "Quezada Perez,Y"]
[Black "Blanco,H"]
[Result "1/2-1/2"]
[WhiteElo "2546"]
[BlackElo "2403"]

1.e4 d6 2.d4 Nf6 3.Nc3 e5 4.Nf3 Nbd7 5.Bc4 Be7 6.O-O O-O 7.Re1 exd4 8.Qxd4 Nb6
9.Be2 c5 10.Qd3 d5 11.e5 Ne8 12.a4 Be6 13.b3 Nc7 14.Bf4 Na6 15.Qd2 Nb4 16.a5 Nd7
17.a6 bxa6 18.Bxa6 Qb6 19.Bf1 Rfd8 20.Bg5 Bxg5 21.Nxg5 Nf8 22.Na4 Qa5 23.f4 Bf5
24.Bd3 Bxd3 25.cxd3 Qb5 26.Red1 Rac8 27.Rab1 a5 28.Nc3 Qd7 29.Ra1 Ra8 30.Na4 Qb5
31.f5 Re8 32.Nf3 Nc6 33.Re1 Nd7 34.Nc3 Qb7 35.f6 Ncxe5 36.Nxe5 Nxe5 37.Qg5 Ng6
38.Nxd5 h6 39.Qf5 Rxe1+ 40.Rxe1 Qxb3 41.fxg7 Qb2 42.Rf1 Qd4+ 43.Kh1 Ra7 44.Nf6+ Kxg7
45.Nh5+ Kg8 46.Nf6+ Kg7 47.h3 Re7 48.Nh5+ Kg8 49.Nf6+  1/2-1/2

[Event "ASEAN Masters Circuit WIM"]
[Site "Tarakan INA"]
[Date "2008.01.09"]
[Round "2"]
[White "Lindiawati,E"]
[Black "Mendoza,B"]
[Result "1/2-1/2"]
[WhiteElo "2114"]
[BlackElo "2099"]

1.e4 d6 2.d4 Nf6 3.Nc3 c6 4.a4 g6 5.f4 Bg7 6.Nf3 O-O 7.Bd3 Bg4 8.h3 Bxf3
9.Qxf3 Nfd7 10.e5 Qc8 11.Bd2 c5 12.Be4 Nc6 13.Bxc6 bxc6 14.exd6 cxd4 15.dxe7 Re8
16.Ne2 Rb8 17.Rb1 Rxe7 18.b3 Qa6 19.Kf2 Nc5 20.Rhd1 Rbe8 21.Ng3 f5 22.Kg1 Ne4
23.Qf1 d3 24.Nxe4 fxe4 25.Be3 Qa5 26.b4 Qxa4 27.cxd3 exd3 28.Bc5 Re2 29.Rxd3 Qc2
30.Rbd1 a5 31.Rd8 a4 32.Rxe8+ Rxe8 33.Re1 Re4 34.Rxe4 Qxe4 35.Qd1 Qxf4 36.Qxa4 Bd4+
37.Bxd4 Qxd4+ 38.Kh2 Qe5+ 39.Kg1 Qe1+  1/2-1/2

[Event "TCh-AUT 1st Bundesliga 2007-8"]
[Site "Jenbach AUT"]
[Date "2008.01.10"]
[Round "4"]
[White "Hatzl,S"]
[Black "Platzgummer,F"]
[Result "1/2-1/2"]
[WhiteElo "2149"]
[BlackElo "2174"]

1.e4 d6 2.d4 Nf6 3.Nc3 e5 4.Nf3 Nbd7 5.h3 Be7 6.Be3 c6 7.a4 a5 8.g4 h6 9.Qd2 Nh7
10.h4 Nhf8 11.O-O-O  1/2-1/2

[Event "XXXIII Open"]
[Site "Sevilla ESP"]
[Date "2008.01.10"]
[Round "7"]
[White "Spraggett,K"]
[Black "Matamoros Franco,C"]
[Result "1/2-1/2"]
[WhiteElo "2588"]
[BlackElo "2529"]

1.e4 d6 2.d4 Nf6 3.Nc3 e5 4.Nge2 Be7 5.g3 O-O 6.Bg2 c6 7.O-O Nbd7 8.h3 b5
9.a3 Re8 10.g4 h6 11.Ng3 Bf8 12.Be3 Bb7 13.f4 a5 14.g5 hxg5 15.fxg5 exd4
16.Bxd4 Nh7 17.h4 g6 18.Nce2 Ne5 19.Nf4 Bc8 20.b3  1/2-1/2

[Event "ch-BLR"]
[Site "Minsk BLR"]
[Date "2008.01.11"]
[Round "2"]
[White "Azarov,S"]
[Black "Mihajlovskij,S"]
[Result "1-0"]
[WhiteElo "2594"]
[BlackElo "2466"]

1.e4 d6 2.d4 Nf6 3.Nc3 e5 4.Nf3 Nbd7 5.Bc4 Be7 6.O-O O-O 7.Re1 c6 8.a4 exd4
9.Nxd4 Ne5 10.Ba2 Re8 11.Bf4 Bf8 12.Bg3 a5 13.Kh1 Qb6 14.Bb3 Bd7 15.f3 Rad8
16.Bh4 Be7 17.Bf2 Bc8 18.Qd2 Qc7 19.Rad1 h6 20.Bg1 Bf8 21.Be3 Nfd7 22.Ba2 Nc5
23.Qf2 Qb6 24.b3 Qc7 25.Nce2 Be7 26.Ng3 Bh4 27.Qd2 Ng6 28.Qc3 Re5 29.Nde2 Ne6
30.Rf1 Bf6 31.Qe1 Bh4 32.f4 Rxe4 33.Qd2 Rxe3 34.Qxe3 Nc5 35.Nd4 Ne7 36.c4 Bg4
37.Rde1 Qc8 38.Bb1 d5 39.f5 dxc4 40.bxc4 Bg5 41.Qa3 b6 42.Nb3 Nxb3 43.Qxb3 Qc7
44.Re4 h5 45.h3 Bd1 46.Rxd1 Rxd1+ 47.Qxd1 Qxg3 48.f6 Ng6 49.Re8+  1-0

[Event "ch-CUB"]
[Site "Santa Clara CUB"]
[Date "2008.01.11"]
[Round "4"]
[White "Delgado,H"]
[Black "Blanco,H"]
[Result "1/2-1/2"]
[WhiteElo "2342"]
[BlackElo "2403"]

1.e4 d6 2.d4 Nf6 3.Nc3 e5 4.dxe5 dxe5 5.Qxd8+ Kxd8 6.Bc4 Ke8 7.Nf3 Bd6 8.Be3 Ke7
9.O-O-O Be6 10.Bxe6 Kxe6 11.Nd2 Ng4 12.Nc4 Nc6 13.Nd5 Rad8 14.c3 Ne7  1/2-1/2

[Event "XXXIII Open"]
[Site "Sevilla ESP"]
[Date "2008.01.11"]
[Round "8"]
[White "Karim,I"]
[Black "Paunovic,D"]
[Result "0-1"]
[WhiteElo "2347"]
[BlackElo "2522"]

1.e4 d6 2.d4 Nf6 3.Nc3 e5 4.Nge2 Be7 5.g3 c6 6.a4 a5 7.Bg2 O-O 8.O-O Na6
9.h3 Nb4 10.Be3 d5 11.dxe5 Nxe4 12.Nxe4 dxe4 13.Nd4 Qd5 14.c3 Na6 15.Qc2 Nc5
16.b4 axb4 17.cxb4 Nd3 18.Qxd3 exd3 19.Bxd5 cxd5 20.b5 Bxh3 21.Rfd1 Bd8 22.Rxd3 Re8
23.Bf4 g5 24.Be3 h6 25.Kh2 Bg4 26.Kg2 Rxe5 27.Nf3 Re8 28.Rxd5 Be6 29.Rd2 Ba5
30.Rdd1 Bc3 31.Rac1 Bg7 32.Rc7 Rxa4 33.Rxb7 Bf5 34.Ra7 Rxa7 35.Bxa7 Be4  0-1

[Event "68th ch-ARM"]
[Site "Yerevan ARM"]
[Date "2008.01.11"]
[Round "4"]
[White "Asrian,K"]
[Black "Minasian,Art"]
[Result "1/2-1/2"]
[WhiteElo "2621"]
[BlackElo "2578"]

1.e4 d6 2.d4 Nf6 3.Nc3 e5 4.dxe5 dxe5 5.Qxd8+ Kxd8 6.Bc4 Ke8 7.Nf3 Bd6 8.Bg5 Nbd7
9.O-O-O a6 10.Rhe1 h6 11.Bh4 Kf8 12.Bg3 g6 13.Nd5 Kg7 14.Nxf6 Kxf6 15.Nd2 Kg7
16.Bd5 Nb6 17.Nc4 Nxc4 18.Bxc4 Re8 19.f3 Be6 20.Bxe6 Rxe6 21.Rd5 f6 22.Red1 Kf7
23.a4 Be7 24.Rd7 Rc8 25.Bf2 Ke8 26.c3 Rc6 27.Kc2 Rd8 28.Rxd8+ Bxd8 29.b4 Rd6
30.Rxd6 cxd6 31.Kd3 Kd7 32.Kc4 Ke6 33.g4 b6 34.Be3 g5 35.Bf2 Bc7 36.h4 Bd8
37.h5 Bc7 38.Be3 Bd8 39.Bc1 Bc7 40.Be3 Bd8 41.Kb3 Kd7 42.c4 Kc7 43.Bc1 Be7
44.Bd2 Bd8 45.Be3 Be7 46.Bf2 Bd8 47.a5 b5 48.cxb5 axb5 49.a6 Be7  1/2-1/2

[Event "ch-CUB"]
[Site "Santa Clara CUB"]
[Date "2008.01.12"]
[Round "5"]
[White "Quezada Perez,Y"]
[Black "Alvarez,Jose1"]
[Result "1-0"]
[WhiteElo "2546"]
[BlackElo "2384"]

1.e4 d6 2.d4 Nf6 3.Nc3 e5 4.Nf3 Nbd7 5.Bc4 Be7 6.O-O O-O 7.a4 c6 8.Re1 a5
9.h3 exd4 10.Qxd4 Nc5 11.b3 Ncxe4 12.Nxe4 d5 13.Ned2 dxc4 14.Qxd8 Bxd8 15.Ba3 Re8
16.Nxc4 Rxe1+ 17.Rxe1 Bd7 18.Nd6 Rb8 19.Ng5 Ne8 20.Ngxf7 Bf6 21.Ne5 Bxe5
22.Rxe5 Nxd6 23.Bxd6 Re8 24.Rxa5 Re1+ 25.Kh2 Re2 26.Ra7 Rxf2 27.Ra8+  1-0

[Event "4NCL 2007-8"]
[Site "Wokefield Park ENG"]
[Date "2008.01.12"]
[Round "5"]
[White "Hunt,A"]
[Black "Mah,K"]
[Result "1/2-1/2"]
[WhiteElo "2466"]
[BlackElo "2406"]

1.e4 d6 2.d4 Nf6 3.Nc3 e5 4.Nf3 Nbd7 5.Bc4 Be7 6.O-O O-O 7.Re1 c6 8.a4 a5
9.b3 h6 10.Bb2 Re8 11.Qd2 Qc7 12.h3 Nf8 13.Nh4 N6h7 14.Nf5 Bxf5 15.exf5 Bg5
16.Qd3 exd4 17.Qxd4 Bf6 18.Qd2 d5 19.Bf1 Ng5 20.Rab1 Rxe1 21.Rxe1 Qd7 22.Bd3 Re8
23.Nd1 Rxe1+ 24.Qxe1 Bxb2 25.Nxb2 b6 26.Qe5 Qd8 27.c3 Ngh7 28.Bc2 Qf6 29.Nd3 Nd7
30.Qxf6 Nhxf6 31.f3 Kf8 32.Kf2 Ke7 33.Ke3 Kd6 34.g4 Ne5 35.Nf2 c5 36.f4 Nc6
37.g5 Ng8 38.Ng4 d4+ 39.Kd3 f6 40.gxf6 Nxf6 41.Nxf6 gxf6 42.c4  1/2-1/2

[Event "TCh-AUT 1st Bundesliga 2007-8"]
[Site "Jenbach AUT"]
[Date "2008.01.13"]
[Round "7"]
[White "Smolen,J"]
[Black "Kunin,V"]
[Result "0-1"]
[WhiteElo "2445"]
[BlackElo "2538"]

1.e4 d6 2.d4 Nf6 3.Nc3 e5 4.dxe5 dxe5 5.Qxd8+ Kxd8 6.Bc4 Be6 7.Bxe6 fxe6
8.Be3 Bd6 9.f3 Ke7 10.O-O-O a6 11.h4 g6 12.Nh3 Nbd7 13.Ne2 b5 14.Ng3 b4 15.Nf2 Rhg8
16.Bg5 Kf7 17.Bxf6 Nxf6 18.Ng4 Nxg4 19.fxg4 Ke7 20.Kd2 Rgf8 21.Rdf1 Rf4 22.Rxf4 exf4
23.Nf1 h5 24.g5 Rd8 25.Rh3 c5 26.c3 f3 27.Rxf3 Bg3+ 28.Rd3 Bxh4 29.Rxd8 Bxg5+
30.Kd3 Kxd8 31.cxb4 cxb4 32.Kc4 Be7 33.Nd2 g5 34.Nf3 g4 35.Ne5 Kc7 36.Ng6 h4
37.Nf4 Kd6 38.Nd3 Bf6 39.b3 h3 40.gxh3 gxh3 41.Nf2 h2 42.Kxb4 Bh4  0-1

[Event "TCh-AUT 1st Bundesliga 2007-8"]
[Site "Jenbach AUT"]
[Date "2008.01.13"]
[Round "7"]
[White "Polzin,R"]
[Black "Maiwald,JU"]
[Result "1-0"]
[WhiteElo "2504"]
[BlackElo "2484"]

1.e4 d6 2.d4 Nf6 3.Nc3 e5 4.Nf3 Nbd7 5.Bc4 Be7 6.O-O O-O 7.Re1 a6 8.a4 b6
9.b3 c6 10.d5 c5 11.g3 Ne8 12.h4 Ndf6 13.Nh2 g6 14.Bh6 Ng7 15.Kg2 Kh8 16.Qd2 Ng8
17.Be3 f5 18.f4 exf4 19.Bxf4 Nh5 20.e5 dxe5 21.Bxe5+ Bf6 22.Nf3 f4 23.Bxf4 Nxf4+
24.gxf4 Qd7 25.Re6 Qg7 26.Re3 Nh6 27.Rae1 Nf5 28.Re8 Nxh4+ 29.Nxh4 Bh3+ 30.Kxh3 Raxe8
31.Ne4 Bxh4 32.Kxh4 g5+ 33.fxg5 Qe5 34.Kh3 Rf4 35.Bd3 Qf5+ 36.Kg2 Qg4+ 37.Ng3 Qf3+
38.Kh3 Qg4+ 39.Kg2 Rg8 40.Qc3+ Rd4 41.g6 Rf8 42.Re4 Qf3+ 43.Kh3 Rf4 44.Rxf4 Qxf4
45.g7+ Kg8 46.Qe1  1-0

[Event "ch-BLR"]
[Site "Minsk BLR"]
[Date "2008.01.13"]
[Round "4"]
[White "Zhigalko,S"]
[Black "Mihajlovskij,S"]
[Result "1-0"]
[WhiteElo "2558"]
[BlackElo "2466"]

1.e4 d6 2.d4 Nf6 3.Nc3 e5 4.Nf3 Nbd7 5.Bc4 Be7 6.O-O O-O 7.Re1 c6 8.a4 exd4
9.Nxd4 Ne5 10.Ba2 Re8 11.h3 Bf8 12.Bf4 Bd7 13.Bg3 Qb6 14.Bb3 a5 15.f4 Ng6
16.Bf2 Qc7 17.Qf3 Rad8 18.Rad1 Bc8 19.g4 Nd7 20.Ba2 Nc5 21.h4 d5 22.e5 f6
23.h5 Nxf4 24.Qxf4 Rxe5 25.Rxe5 Qxe5 26.Qxe5 fxe5 27.Nf5 g6 28.Ne3 Re8 29.Ncxd5 cxd5
30.Nxd5 Kg7 31.Nc7 Re7 32.Bxc5 Rxc7 33.h6+ Kxh6 34.Bxf8+ Kg5 35.c3 Bxg4 36.Rd5 Rd7
37.Rxe5+ Kf4 38.Rd5 h5 39.Kf2 g5 40.Bd6+ Ke4 41.Rd4+ Kf5 42.Bc5 Rxd4 43.Bxd4 Bd1
44.Bd5 h4 45.Bxb7 g4 46.Bb6 g3+ 47.Kg2 Kg4 48.Bc8+  1-0

[Event "4NCL 2007-8"]
[Site "Wokefield Park ENG"]
[Date "2008.01.13"]
[Round "6"]
[White "D'Costa,L"]
[Black "Dearing,E"]
[Result "1/2-1/2"]
[WhiteElo "2406"]
[BlackElo "2381"]

1.e4 d6 2.d4 Nf6 3.Nc3 e5 4.Nf3 Nbd7 5.Bc4 Be7 6.O-O O-O 7.Re1 c6 8.a4 a5
9.Ba2 h6 10.h3 Re8 11.Nh4 Nf8 12.dxe5 dxe5 13.Qf3 Ne6 14.Nf5 Nd4 15.Nxd4 Qxd4
16.Qg3 Kf8 17.Qh4 Ng4 18.Qg3 Nf6 19.Qh4 Ng4 20.Qg3  1/2-1/2